Statistics for Eritrea Country Quiz

Click here to take the quiz!

General Stats

  • This quiz has been taken 95 times
  • The average score is 3 of 8

Answer Stats

Hint Answer % Correct
CapitalAsmara
100%
CurrencyNakfa
46%
Second largest cityKeren
38%
Large Archipelago owned by eritreaDahlak Archipelago
22%
Lowest point (____ depression)Afar
19%
Highest PointEmba Soira
16%
Above is in what plateau (_______ highlands)Eritrean
14%
Largest city in the above depressionKulul
3%

Score Distribution

Percentile by Number Answered

Percent of People with Each Score

Your Score History

You have not taken this quiz